RE 5 (RRX) Halte Koblenz - Wesel - Statistiken

Allgemein
  • Dieses Quiz wurde 248 mal gespielt
  • Das Durchschnittsergebnis liegt bei 21 aus 27
Antwortstatistiken
Bundesland Haltestellen % Korrekt
NRW Köln HBF
98%
NRW Köln Messe/Deutz
98%
NRW Köln-Mülheim
98%
NRW Köln Süd
98%
NRW Düsseldorf-Benrath
96%
NRW Düsseldorf Flughafen
96%
NRW Düsseldorf HBF
96%
RP Koblenz HBF
96%
RP Koblenz-Stadtmitte
96%
NRW Wesel
96%
NRW Bonn-Bad Godesberg
95%
NRW Bonn HBF
95%
NRW Bonn UN Campus
95%
NRW Duisburg HBF
92%
NRW Leverkusen Mitte
85%
NRW Oberhausen HBF
81%
NRW Oberhausen-Holten
81%
NRW Oberhausen-Sterkrade
81%
RP Andernach
67%
RP Remagen
64%
NRW Brühl
63%
NRW Dinslaken
56%
NRW Voerde
48%
RP Sinzig
46%
RP Bad Breisig
43%
NRW Friedrichsfeld
43%
RP Oberwinter
40%
Keine übereinstimmenden Quizze gefunden
Verteilung der Resultate
Anzahl Personen mit jedem Resultat
Perzentil nach korrekt beantworteten Fragen
Ihre Resultats-Entwicklung
Sie haben dieses Quiz noch nicht gespielt